| Tag |
First Indicator |
Second Indicator |
Subfields |
| LEADER |
00000ckm a2200000 i 4500 |
| 001 |
in00004093339 |
| 005 |
20211120104418.0 |
| 006 |
m o d f |
| 007 |
kk m|| |
| 007 |
cr mn||||||||| |
| 008 |
200324s2015 dcunnn fo ineng c |
| 035 |
|
|
|a (OCoLC)on1145861175
|
| 042 |
|
|
|a pcc
|
| 040 |
|
|
|a GPO
|b eng
|e rda
|e pn
|c GPO
|d MvI
|
| 049 |
|
|
|a WWW
|
| 074 |
|
|
|a 0499-F-02 (online)
|
| 086 |
0 |
|
|a HE 20.7102:R 31/12
|
| 245 |
0 |
0 |
|a Respirator use & infection control in healthcare.
|
| 246 |
3 |
|
|a Respirator use and infection control in healthcare
|
| 264 |
|
1 |
|a [Washington, D.C.] :
|b Department of Health and Human Services, Centers for Disease Control and Prevention, National Institute for Occupational Safety and Health,
|c [2015]
|
| 300 |
|
|
|a 1 online resource (1 image) :
|b some color
|
| 336 |
|
|
|a still image
|b sti
|2 rdacontent
|
| 337 |
|
|
|a computer
|b c
|2 rdamedia
|
| 338 |
|
|
|a online resource
|b cr
|2 rdacarrier
|
| 588 |
|
|
|a Description based on online resource; title from PDF caption (CDC, viewed Mar. 24, 2020).
|
| 650 |
|
0 |
|a Medical personnel
|x Safety measures.
|
| 650 |
|
0 |
|a Breathing apparatus.
|
| 655 |
|
7 |
|a Instructional and educational works.
|2 lcgft
|
| 710 |
2 |
|
|a National Institute for Occupational Safety and Health,
|e issuing body.
|
| 856 |
4 |
0 |
|3 Available in PDF and JPG versions
|u https://purl.fdlp.gov/GPO/gpo134068
|t 0
|
| 999 |
f |
f |
|s cacf98a1-3ae5-3151-9e24-d3f0e6f3ddbe
|i 387de2d0-5ea9-3ab2-a91b-49c822b9c409
|t 0
|
| 952 |
f |
f |
|a Texas A&M University
|b College Station
|c Electronic Resources
|d Available Online
|t 0
|e HE 20.7102:R 31/12
|h Superintendent of Documents classification
|
| 998 |
f |
f |
|a HE 20.7102:R 31/12
|t 0
|l Available Online
|